Les régions françaises avec le plus de mariage entre sexe différent - Statistiques

Statistiques générales
  • Ce quiz a été pris 21 fois
  • Le résultat moyen est 13 sur 18
Statistiques - réponses
Classement Nombre de mariage en 2023 Régions % Correct
10 11 117 Bretagne
89%
1 42 607 Île-de-France
84%
7 19 384 Grand Est
79%
17 550 Guyane
74%
13 2 933 La Réunion
74%
9 12 203 Normandie
74%
5 20 271 Occitanie
74%
2 28 373 Auvergne-Rhône-Alpes
68%
11 9 423 Bourgogne-Franche-Comté
68%
15 1 074 Guadeloupe
68%
16 954 Martinique
68%
18 444 Mayotte
68%
12 8 841 Centre-Val de Loire
63%
14 1 236 Corse
63%
3 21 407 Hauts-de-France
63%
4 20 623 Nouvelle-Aquitaine
63%
8 13 005 Pays de la Loire
63%
6 20 021 Provence-Alpes-Côte d'Azur
63%
Aucun quiz correspondant
Distribution des résultats
% des personnes avec chaque résultat
Percentile par nombre de réponses
Votre historique - résultats
Vous n’avez pas pris ce quiz